Účtovanie kurzových rozdielov u podnikateľov účtujúcich v sústave podvojného účtovníctva od 1. januára 2003
Podnikatelia v SR prichádzajú pri vykonávaní podnikateľskej činnosti často do styku so zahraničím. Vzťah k zahraničiu sa kvantifikuje, hodnotové vzťahy sa vyjadrujú v peňažných jednotkách cudzej meny a v peňažných jednotkách slovenskej meny (Sk). Častým problémom je správne ocenenie majetku a záväzk...
Gespeichert in:
| 1. Verfasser: | |
|---|---|
| Format: | Buchkapitel |
| Sprache: | Slowakisch |
| Schlagworte: | |
| Tags: |
Keine Tags, Fügen Sie das erste Tag hinzu!
|
MARC
| LEADER | 00000naa a2200000 4500 | ||
|---|---|---|---|
| 001 | r048219 | ||
| 005 | 20231002075346.3 | ||
| 041 | 0 | |a slo | |
| 044 | |a SK | ||
| 245 | 1 | 0 | |a Účtovanie kurzových rozdielov u podnikateľov účtujúcich v sústave podvojného účtovníctva od 1. januára 2003 |c Renáta Juríková |
| 520 | |a Podnikatelia v SR prichádzajú pri vykonávaní podnikateľskej činnosti často do styku so zahraničím. Vzťah k zahraničiu sa kvantifikuje, hodnotové vzťahy sa vyjadrujú v peňažných jednotkách cudzej meny a v peňažných jednotkách slovenskej meny (Sk). Častým problémom je správne ocenenie majetku a záväzkov v cudzej mene. Pri ocenení dochádza ku vzniku kurzových rozdielov, o ktorých účtovná jednotka musí účtovať. Príklady. | ||
| 610 | 2 | 0 | |a rozdiely kurzové |
| 610 | 2 | 0 | |a účtovanie |
| 610 | 2 | 0 | |a podnikatelia |
| 610 | 2 | 0 | |a účtovníctvo podvojné |
| 610 | 2 | 0 | |a mena |
| 610 | 2 | 0 | |a oceňovanie |
| 610 | 2 | 0 | |a majetok |
| 610 | 2 | 0 | |a jednotka účtovná |
| 100 | 1 | |a Juríková, Renáta | |